North West frontier province legisature and freedom struggle 1932-47 (Record no. 183864)

MARC details
000 -LEADER
fixed length control field 00402nam a2200133Ia 4500
008 - FIXED-LENGTH DATA ELEMENTS--GENERAL INFORMATION
fixed length control field 230917s9999||||xx |||||||||||||| ||und||
040 ## - CATALOGING SOURCE
-- 37199
Original cataloging agency VIVEKANANDA LIBRARY
041 ## - Language
-- English
082 ## - DDC NUMBER
Classification number 954.03 G959N
100 ## - MAIN ENTRY--PERSONAL NAME
Personal name Gupta, Amit Kumar
245 #0 - TITLE STATEMENT
Title North West frontier province legisature and freedom struggle 1932-47
260 ## - PUBLICATION, DISTRIBUTION, ETC. (IMPRINT)
Place of publication, distribution, etc New Delhi
Name of publisher, distributor, etc Indian Institute of Historical Research
Date of publication, distribution, etc 1976
942 ## - ADDED ENTRY ELEMENTS (KOHA)
Koha item type Books
Holdings
Withdrawn status Lost status Damaged status Not for loan Location (home branch) Sublocation or collection (holding branch) Date acquired Koha issues (times borrowed) Koha full call number Accession No. Koha date last seen Koha item type
        VIVEKANANDA LIBRARY VIVEKANANDA LIBRARY 29/08/2002   954.03 G959N 38982 17/09/2023 Books
© Designed and Maintained by Vivekananda Library, MDU Rohtak